000 00878cam a22003138 4500
001 18161316
003 OSt
005 20220107122801.0
008 140523s2013 cau b 001 0 eng
010 _a 2014018433
020 _a9788132117919
040 _a
_b
_cIIITMK
_e
042 _a
043 _a
050 0 0 _a
_b
082 0 0 _a346.048 RYD/ I
_2
100 1 _aRyder, Rodney D.
_97007
245 1 0 _aIntellectual property and business:
_bThe power of intangible assets
_cRodney D. Ryder, Ashwin Madhavan.
260 _aLondon
_bSage Publication
_c2014
263 _a
300 _axii, 304p.
504 _aIncludes bibliographical references and index.
650 0 _aINTELLECTUAL PROPERTY
_z
_97008
650 0 _aBUSINESS ORGANIZATION
_97009
650 0 _aMANAGEMENT
_97010
700 1 _aMadhavan, Ashwin.
_97011
942 _2ddc
_cBK
999 _c4725
_d4725